<?xml version="1.0" encoding="UTF-8"?>
<record
    xmlns:xsi="http://www.w3.org/2001/XMLSchema-instance"
    xsi:schemaLocation="http://www.loc.gov/MARC21/slim http://www.loc.gov/standards/marcxml/schema/MARC21slim.xsd"
    xmlns="http://www.loc.gov/MARC21/slim">

  <leader>03154cam a2200277 a 4500</leader>
  <controlfield tag="001">16322059</controlfield>
  <controlfield tag="005">20130923115717.0</controlfield>
  <controlfield tag="008">100708s2010    vaua     b    001 0 eng  </controlfield>
  <datafield tag="010" ind1=" " ind2=" ">
    <subfield code="a">  2010027600</subfield>
  </datafield>
  <datafield tag="020" ind1=" " ind2=" ">
    <subfield code="a">9781416610748 (pbk. : alk. paper)</subfield>
  </datafield>
  <datafield tag="020" ind1=" " ind2=" ">
    <subfield code="a">141661074X (pbk. : alk. paper)</subfield>
  </datafield>
  <datafield tag="082" ind1="0" ind2="0">
    <subfield code="a">371.394</subfield>
    <subfield code="2">22</subfield>
    <subfield code="b">TOM</subfield>
  </datafield>
  <datafield tag="100" ind1="1" ind2=" ">
    <subfield code="a">Tomlinson, Carol A.</subfield>
    <subfield code="9">33714</subfield>
  </datafield>
  <datafield tag="245" ind1="1" ind2="0">
    <subfield code="a">Leading and managing a differentiated classroom /</subfield>
    <subfield code="c">Carol Ann Tomlinson, Marcia B. Imbeau.</subfield>
  </datafield>
  <datafield tag="260" ind1=" " ind2=" ">
    <subfield code="a">Alexandria, Va. :</subfield>
    <subfield code="b">ASCD,</subfield>
    <subfield code="c">c2010.</subfield>
  </datafield>
  <datafield tag="300" ind1=" " ind2=" ">
    <subfield code="a">xix, 187 p. :</subfield>
    <subfield code="b">ill. ;</subfield>
    <subfield code="c">25 cm.</subfield>
  </datafield>
  <datafield tag="504" ind1=" " ind2=" ">
    <subfield code="a">Includes bibliographical references (p. 176-179) and index.</subfield>
  </datafield>
  <datafield tag="505" ind1="0" ind2=" ">
    <subfield code="a">Pt. I. Leading a differentiated classroom. Understanding differentiation in order to lead : aiming for fidelity to a model ; Teaching what you believe : a philosophy to guide teachers who lead for differentiation ; The invitation to be part of a vision : talking with students, parents, and other educators about differentiation -- Pt. II. Managing a differentiated classroom. Learning environment : setting the stage for academic success ; Classroom routines : preparing for the work ahead ; Routines in a differentiated classroom : once the work begins ; Yes, but--common sticking points about differentiation.</subfield>
  </datafield>
  <datafield tag="520" ind1=" " ind2=" ">
    <subfield code="a">Today's teachers are responsible for a greater variety of learners with a greater diversity of needs that ever before. When you add in the ever-changing dynamics of technology and current events, the complexity of both students' and teachers' lives grows exponentially. Far too few teachers, however, successfully teach the whole class with the individual student in mind. The authors tackle the issue of how to address student differences thoughtfully and proactively. The first half of the book focuses on what it means for a teacher to effectively lead a differentiated classroom. Readers will learn how to be more confident and effective leaders for and in student-focused and responsive classrooms. The second half of the book focuses on the mechanics of managing a differentiated classroom. A teacher who has the best intentions, a dynamic curriculum, and plans for differentiation cannot--and will not--move forward unless he or she is at ease with translating  those ideas into classroom practice. In other words, teachers who are uncomfortable with flexible classroom management will not differentiate instruction, even if they understand it, accept the need for it, and can plan for it. The authors argue that the inherent interdependence of leading and managing a differentiated classroom is at the very heart of 21st-century education. This essential guide to differentiation also includes a helpful teacher's toolkit of activities and teaching strategies that will help any teacher expand his or her capacity to make room for and work tirelessly on behalf of every student.</subfield>
  </datafield>
  <datafield tag="650" ind1=" " ind2="0">
    <subfield code="a">Individualized instruction</subfield>
    <subfield code="z">United States.</subfield>
    <subfield code="9">33715</subfield>
  </datafield>
  <datafield tag="650" ind1=" " ind2="0">
    <subfield code="a">Inclusive education</subfield>
    <subfield code="z">United States.</subfield>
    <subfield code="9">12675</subfield>
  </datafield>
  <datafield tag="650" ind1=" " ind2="0">
    <subfield code="a">Classroom management</subfield>
    <subfield code="z">United States.</subfield>
    <subfield code="9">33716</subfield>
  </datafield>
  <datafield tag="653" ind1=" " ind2=" ">
    <subfield code="b">ENG</subfield>
    <subfield code="c">September2013</subfield>
  </datafield>
  <datafield tag="700" ind1="1" ind2=" ">
    <subfield code="a">Imbeau, Marcia B.</subfield>
    <subfield code="9">33717</subfield>
  </datafield>
  <datafield tag="942" ind1=" " ind2=" ">
    <subfield code="2">ddc</subfield>
    <subfield code="c">BB</subfield>
  </datafield>
  <datafield tag="999" ind1=" " ind2=" ">
    <subfield code="c">17543</subfield>
    <subfield code="d">17515</subfield>
  </datafield>
  <datafield tag="952" ind1=" " ind2=" ">
    <subfield code="0">0</subfield>
    <subfield code="1">0</subfield>
    <subfield code="2">ddc</subfield>
    <subfield code="4">0</subfield>
    <subfield code="7">0</subfield>
    <subfield code="8">Baccah</subfield>
    <subfield code="a">MAIN</subfield>
    <subfield code="b">MAIN</subfield>
    <subfield code="c">1ST</subfield>
    <subfield code="d">2013-09-23</subfield>
    <subfield code="e">purchase</subfield>
    <subfield code="g">270.00</subfield>
    <subfield code="h">18162</subfield>
    <subfield code="l">0</subfield>
    <subfield code="o">371.394 TOM</subfield>
    <subfield code="p">000028890</subfield>
    <subfield code="r">2025-07-15 00:00:00</subfield>
    <subfield code="v">337.50</subfield>
    <subfield code="y">BB</subfield>
  </datafield>
</record>
